| 000 | 00478nam a2200133Ia 4500 | ||
|---|---|---|---|
| 008 | 171207s9999 xx 000 0 und d | ||
| 100 | _aDwivedi, Amit Kumar | ||
| 245 | 2 | _aA Resilient Asia Amidst Global Financial Crisis: From Crisis Management to Global Leadership by Harinder S. Kohli and Ashok Sharma | |
| 245 | _cAmit Kumar Dwivedi | ||
| 260 | _c2017 | ||
| 300 | _apages 130-32, March 2017 | ||
| 440 |
_aThe Journal of Entrepreneurship _v26:1 |
||
| 650 | _aFINANCIAL CRISIS | ||
| 999 |
_c347567 _d347567 |
||